logo

Bir Sreshtho Munshi Abdur Rouf Library
Jhenaidah Cadet College

বঙ্গবন্ধু শেখ মুজিব অলৌকিক মহিমা / (Record no. 57)

MARC details
000 -LEADER
fixed length control field 00731nam a2200217 a 4500
001 - CONTROL NUMBER
JCCL Control Number 57
003 - CONTROL NUMBER IDENTIFIER
JCCL marc code BD-JhCC
005 - DATE AND TIME OF LATEST TRANSACTION
control field 20191212134008.0
008 - FIXED-LENGTH DATA ELEMENTS--GENERAL INFORMATION
fixed length control field 170925b2006 bg |||| |||| 000 0 ben d
035 ## - SYSTEM CONTROL NUMBER
system control number (BD-JhCC)57
040 ## - CATALOGING SOURCE
Original cataloging agency BD-JhCC
Transcribing agency BD-JhCC
Modifying agency BD-JhCC
041 ## - LANGUAGE CODE
Language code of Book eng
082 ## - DEWEY DECIMAL CLASSIFICATION NUMBER
Classification number 954.9205
Author mark and Year ABI 2006
100 ## - MAIN ENTRY--PERSONAL NAME
Personal name আবির, সৈয়দ
245 ## - TITLE STATEMENT
Title বঙ্গবন্ধু শেখ মুজিব অলৌকিক মহিমা /
Statement of responsibility, etc সৈয়দ আবির
260 ## - PUBLICATION, DISTRIBUTION, ETC. (IMPRINT)
Place of publication, distribution, etc ঢাকা :
Name of publisher, distributor, etc আগামী প্রকাশনী
Date of publication, distribution, etc ২০০৬
300 ## - PHYSICAL DESCRIPTION
Pagination ৬৩ পৃ.
Dimensions ২৪ সে.মি.
600 ## - SUBJECT ADDED ENTRY--PERSONAL NAME
Titles and other words associated with a name Baṅgabandhu Mujibara Rahamāna
942 ## - ADDED ENTRY ELEMENTS (KOHA)
Source of classification or shelving scheme Dewey Decimal Classification
Koha item type Books
Koha issues (borrowed), all copies 3
Holdings
Source of classification or shelving scheme Damaged status Not for loan Home library Current library Shelving location Date of accession Total Checkouts Full call number Barcode Date last seen Date checked out Copy number Koha item type
Dewey Decimal Classification     JCC Rouf Library JCC Rouf Library General Stacks 09/25/2017 4 954.9205 ABI 2006 66 02/08/2024 02/07/2024 C-1 Books

JCC Library | Contacts | JCC Home

Last Update on 23 September 2017
Copyright @ 2017-2020 JCC Rouf Library
Rouf Library, Jhenidah Cadet College (JCC), Bangladesh